Fundamentals of engineering thermodynamics

Uloženo v:
Podrobná bibliografie
Hlavní autor: Babu V.
Médium: Kniha
Jazyk:angličtina
Vydáno: Ane Books 2020
Tagy: Přidat tag
Žádné tagy, Buďte první, kdo vytvoří štítek k tomuto záznamu!

MARC

LEADER 00000nam a22000007a 4500
008 240809b |||||||| |||| 00| 0 eng d
020 |a 9789389212105 
100 |a Babu V. 
245 |a Fundamentals of engineering thermodynamics  |c V. Babu  |g xvii, 383p. ill 
250 |b 2nd edition 
260 |b Ane Books  |c 2020  |h New Delhi  |i 701583  |i 701584  |l TJ265.B  |m Thermodynamics- Textbooks 
500 |a It includes index 
942 |a lcc  |c BK  |e Adeyemo  |f 9/8/2024 
952 |0 0  |1 0  |2 lcc  |4 0  |6 TJ0265 B11  |7 0  |9 5468  |a TL  |b HOL  |c QZ  |d 2024-08-09  |l 0  |o TJ265B11  |p 2024-0709  |r 2024-08-09 00:00:00  |t 701583  |w 2024-08-09  |y BK 
952 |0 0  |1 0  |2 lcc  |4 0  |6 TJ0265 B11  |7 0  |9 5469  |a HOL  |b HOL  |c QZ  |d 2024-08-09  |l 0  |o TJ265B11  |p 2024-0710  |r 2024-08-09 00:00:00  |t 701584  |w 2024-08-09  |y BK 
999 |c 2706  |d 2706